000 00799cab a2200253 4500
001 WB3223-12
008 090401t1996 xxu||||| |||| 00| 0 eng d
035 _a(Sirsi) u27553
041 _aeng
245 _aObsolete office space
260 _c1996
350 _a0
490 _aEstates Times
_v(1328) 7 June 1996, (1)
520 _aAccording to Coopers and Lybrand, the proportion of obsolete secondary industrial and office property could rise by up to 25% over the next five years.
650 _aINDUSTRIAL BUILDINGS
650 _aINDUSTRIAL SPACE
650 _aOBSOLETE PROPERTY
650 _aOFFICE BUILDINGS
650 _aOFFICE SPACE
650 _aSECONDARY PROPERTY
690 _aPROPERTY-COMMERCIAL PROPERTY-COMMERCIAL PROPERTY MARKET
942 _n0
948 _c04/03/1997
999 _c18549
_d18549